Prevention and elimination of bonded labour : the potential and limits of microfinance-led approaches /

Bibliographic Details
Main Authors: Premchander, Smita, (Author), Prameela, V., (Author), Chidambaranathan, M., (Author)
Format: eBook
Language:English
Published: Geneva, Switzerland : International Labour Organization, 2014.
Subjects:
Online Access:Click to View
LEADER 01893nam a2200421 i 4500
001 EBC2083406
003 MiAaPQ
005 20200520144314.0
006 m o d |
007 cr cnu||||||||
008 150731t20142014sz a ob 000 0 eng d
020 |z 9789221294122 
035 |a (MiAaPQ)EBC2083406 
035 |a (Au-PeEL)EBL2083406 
035 |a (CaPaEBR)ebr11080858 
035 |a (OCoLC)913696234 
040 |a MiAaPQ  |b eng  |e rda  |e pn  |c MiAaPQ  |d MiAaPQ 
050 4 |a HD1521  |b .P746 2014 
082 0 |a 331.763  |2 23 
100 1 |a Premchander, Smita,  |e author. 
245 1 0 |a Prevention and elimination of bonded labour :  |b the potential and limits of microfinance-led approaches /  |c Smita Premchander, V. Prameela and M. Chidambaranathan. 
264 1 |a Geneva, Switzerland :  |b International Labour Organization,  |c 2014. 
264 4 |c 2014 
300 |a 1 online resource (77 pages) :  |b illustrations 
336 |a text  |2 rdacontent 
337 |a computer  |2 rdamedia 
338 |a online resource  |2 rdacarrier 
504 |a Includes bibliographical references. 
588 |a Description based on online resource; title from PDF title page (ebrary, viewed August 1, 2015). 
590 |a Electronic reproduction. Ann Arbor, MI : ProQuest, 2016. Available via World Wide Web. Access may be limited to ProQuest affiliated libraries. 
650 0 |a Agricultural laborers. 
650 0 |a Forced labor. 
655 4 |a Electronic books. 
700 1 |a Prameela, V.,  |e author. 
700 1 |a Chidambaranathan, M.,  |e author. 
776 0 8 |i Print version:  |a Premchander, Smita.  |t Prevention and elimination of bonded labour : the potential and limits of microfinance-led approaches.  |d Geneva, Switzerland : International Labour Office, c2014   |h xiv, 60 pages   |z 9789221294122 
797 2 |a ProQuest (Firm) 
856 4 0 |u https://ebookcentral.proquest.com/lib/matrademy/detail.action?docID=2083406  |z Click to View